000 00976cab a22002655a 4500
001 L159168
008 120710s2016 xxk 000 0 eng d
035 _a(Sirsi) u159168
041 0 _aeng
050 _a692.5
100 1 _aNwatarali, E.O.
245 0 0 _aDetermination of key performance indicators (KPIs) of a successful project cost estimate in the Nigerian construction industry
260 _c2016
490 _aProject Control Professional
_v54(1) February 2016, 17-22(6)
520 _aHighlights the imprecision of cost estimates in Nigeria. Identifies, ranks and shows the relationships between the various key performance indicators (KPIs) affecting the success of project cost estimates.
590 _aKA
650 2 4 _aKEY PERFORMANCE INDICATORS
650 2 4 _aCOST ESTIMATING
651 4 _aNigeria
690 _aProject management
_96261
690 _aConstruction management
_96230
700 1 _aDim, N.U.
700 1 _aOkorocha, K.A.
942 _n0
999 _c84818
_d84818